000 00774nam a22002297a 4500
999 _c36110
_d36110
005 20230406140851.0
008 160802b xxu||||| |||| 00| 0 eng d
010 _aENG-115623
020 _a9789351436812
_c2495.00
035 _aEN-99155
037 _bDBAD/PUB
082 _a345.5405
100 _aRatanLal
_917276
245 _aRatanlal & Dhirajlal’s the Code of Criminal Procedure /
_cby Ratanlal [and] Dhirajlal
250 _a20th rev.& enl. ed
260 _aGurgaon
_bLexis Nexis Butterworths
_c2010
270 _a14th Floor, Buiding No.10, Tower- B, DLF Cyber City, Phase-11,
_bGurgaon
_e122002
300 _acdIxiii,2491p,
_c24cm (Hb)
500 _aIncludes index
700 _aDhirajLal
_917278
942 _2ddc
_cEN
_mRAT
_h345.5405